Filosofía y formación ética y ciudadana /

Guardado en:
Autor Principal: Kechichian, Roberto
Formato: Libro
Publicado: Buenos Aires : Sainte Claire, 1999
Materias:
Etiquetas: Agregar Etiqueta
Sin Etiquetas, Sea el primero en etiquetar este registro!
LEADER 01233nam a22002295a 4500
001 CEM.cems010400
005 20080519100439.0
008 130507s1999##################000#0#####d
003 CEMS
020 |a 9505290802 
082 0 4 |a 320 
100 1 |a Kechichian, Roberto 
245 1 0 |a Filosofía y formación ética y ciudadana /  |c Roberto N. Kechichian 
260 |a Buenos Aires :  |b Sainte Claire,  |c 1999 
300 |a 354 p. 
500 |a Para Educación Polimodal 
505 0 |a Eje de la reflexión filosófica --Teoría del conocimiento -- El problema antropológico -- El problema metafísico -- El problema estético -- Eje de la vida política -- Mecanismos de acción para la defensa de los derechos -- Las constituciones democráticas -- La división de poderes y la práctica política de la democracia -- Formas colectivas de participación social -- El funcionamiento político de la democracia: los poderes en la Constitución Nacional -- El poder Legislativo -- El poder Ejecutivo -- El poder Judicial 
653 |a Filosofía 
653 |a Filosofía-polimodal 
653 |a Formación ética y ciudadana 
653 |a Formación ética y ciudadana-polimodal 
859 |a CEMS  |b BIB. CEMS - 11 de abril  |h 320  |i K233  |p 20983.00  |t Ej.1  |v 2  |3 2